| 000 | 00592nam a22002057a 4500 | ||
|---|---|---|---|
| 005 | 20250219120606.0 | ||
| 010 | _aENG-115566 ENG-143861 | ||
| 020 |
_a9788173818066 _c265.00 |
||
| 035 | _aEN-99099 | ||
| 035 | _aEN-127393 | ||
| 037 | _bDBAD | ||
| 082 | _a338.5 | ||
| 100 |
_aMukherjee, Sampat _978032 |
||
| 245 |
_aCBSC microecomics/ _cby Sampat Mukherjee |
||
| 260 |
_aNew Delhi _bNew Central Book Agency _c2016 |
||
| 270 |
_a8/1,Chintamoni Das Lane _bKolkata _e700009 |
||
| 300 |
_a368p. _c24cm(pbk) |
||
| 500 | _aFor Class XII | ||
| 942 |
_2ddc _cEN _h338.5 _mMUK |
||
| 999 |
_c101559 _d101559 |
||